| 000 | 00954nam a22002891 4500 | ||
|---|---|---|---|
| 001 | 750237 | ||
| 003 | NUST-PNEC | ||
| 005 | 20170116180712.0 | ||
| 008 | 831004s1962 nyua b 000 0 eng | ||
| 010 | _a 61013165 | ||
| 020 | _a0070213925 | ||
| 040 | _cPNEC | ||
| 050 | 0 | 0 |
_aTA350 _b.F58 |
| 082 | 0 | 0 | _a620.102 FLU |
| 100 | 1 |
_aFlugge, Wilhelm, _d1904- _eed. _9576 |
|
| 245 | 1 | 0 | _aHandbook of engineering mechanics. |
| 250 | _a1st ed. | ||
| 260 |
_aNew York, _bMcGraw-Hill, _c1962. |
||
| 300 |
_a1 v. (various pagings) _billus. _c24 cm. |
||
| 490 | 0 | _aMcGraw-Hill handbooks | |
| 500 | _aIncludes Index http://www.amazon.com/Handbook-Engineering-Mechanics-Wilhelm-Flugge/dp/0070213925/ref=sr_1_1?s=books&ie=UTF8&qid=1413272702&sr=1-1&keywords=ENGINEERING+MECHANICS+BY+FLUGGE | ||
| 504 | _aIncludes bibliographies. | ||
| 650 | 0 | _aMechanics, Applied. | |
| 651 | _xME | ||
| 906 |
_a7 _bcbc _corignew _du _eocip _f19 _gy-gencatlg |
||
| 942 |
_2ddc _cBK |
||
| 999 |
_c61004 _d61004 |
||